000 00608nam a2200157Ia 4500
008 220216s9999 xx 000 0 und d
100 _aGireesh T
245 0 _aTowards selection of improved Hevea brasiliensis clones for South Konkan: Long term performance of ortet clones
260 _bIRRDB International Rubber Conference & Annual Meetings, 2-6 November 2015, Rubber Research Institute of Vietnam, Ho Chi Minh City, Vietnam.
650 _aOrtet clonesSouth Konkan
650 _aSelection
700 _aChandrasekhar T.R. and Mydin K.K
700 _aNazeer M.A
856 _uRefer only
942 _cJS
999 _c71418
_d71418